000 00648nam a2200265Ia 4500
003 OSt
005 20220924153600.0
006 a|||||r|||| 00| 0
007 ta
008 220923b |||||||| |||| 00| 0 tam d
020 _c145.00
024 _a350841
037 _cTextual
040 _aARTS
_cARTS
_btam
041 _2tam
_atam
082 _aO31,1N26:g, P5
100 _aChitra S Au.
_9229287
245 0 _aMathikanyasirpi
260 _c2005
300 _a320p.
_ccm.
650 _a TAMIL POETRY
650 _aTAMIL LITERATURE
942 _hO31,1N26:g, P5
_cTEXL
_2CC
999 _c474133
_d474133